1886 1856 1504 1428 1293 1417 1971 1897 1249 1979 1153 1949 1038 1991 1516 1609 1224 1902 1893 1696 1815 1497 1295 1250 1286 1765 1732 1754 1963 1638 1688 1881 1711 1642 1110 1789 1450 1711 1680 1289 1189 1404 1768 1692 1903 1208 1576 1502 1870 1891 1481 1906 1966 1677 1577 1610 1019 1688 1173 1517 1709 1666 1814 1571 1311 1664 1141 1724 1186 1751 1366 1529 1376 1172 1597 1624 1414 1590 1457 1912 1623 1562 1145 1871 1686 1094 1983 1437 1841 1907 1297 1743 1821 1939 1493 1047 1426 1880 1895 BCNSPRNW ULIB Ver.6.0+V

เปลี่ยนเป็นภาษาไทย

Change to English
 แสดงรายละเอียดบรรณานุกรม
  กลับหน้าหลัก

Brief Record : Get Marc (ISO 2709) : E-mail record : QR code < ปิดหน้าต่าง
LEADER : 00000nam 2200000uu 4500
001    13399112559
003     ULIB
008    110824s2552||||th 000 0 tha d
020    9786115200092
090    นว.^bป535ฝ 2552
100 0  ปั้นหยา
245 00 ฝากหัวใจไว้ใกล้รัก/^cปั้นหยา
250    พิมพ์ครั้งที่ 1
260    กรุงเทพฯ :^b1168พับลิชชิ่ง,^c2552
300    282 หน้า
710 1  1168พับลิชชิ่ง
995    ทศพร
999     ^aใช้งานได้ทุกระบบ
รายการนี้ยังไม่มีแท็ก
คุณยังไม่ได้ล็อกอิน คุณสามารถมีกิจกรรมร่วมกับเว็บไซต์ได้ แต่ต้องล็อกอินก่อน ::
  ล็อกอิน

รายการสื่อสารสนเทศ

ลำดับที่ ประเภท เลขเรียก/บาร์โค้ด สถานที่ สถานะ
- ไม่พบข้อมูล -

รายการใกล้เคียง
    ผู้แต่ง [ปั้นหยา]

BibComment


ยังไม่เคยถูกคอมเมนท์

คอมเมนท์ทรัพยากรรายการนี้
  คอมเมนท์: ฝากหัวใจไว้ใกล้รั..


 Copyright 2026. Bcnsprnw @Library